<?xml version="1.0" encoding="UTF-8"?>
<record
    xmlns:xsi="http://www.w3.org/2001/XMLSchema-instance"
    xsi:schemaLocation="http://www.loc.gov/MARC21/slim http://www.loc.gov/standards/marcxml/schema/MARC21slim.xsd"
    xmlns="http://www.loc.gov/MARC21/slim">

  <leader>01510nam a22002417a 4500</leader>
  <controlfield tag="005">20251202165443.0</controlfield>
  <controlfield tag="008">251202b        |||||||| |||| 00| 0 eng d</controlfield>
  <datafield tag="020" ind1=" " ind2=" ">
    <subfield code="a">9789391818142</subfield>
  </datafield>
  <datafield tag="040" ind1=" " ind2=" ">
    <subfield code="c">AL</subfield>
  </datafield>
  <datafield tag="041" ind1=" " ind2=" ">
    <subfield code="a">eng</subfield>
  </datafield>
  <datafield tag="082" ind1=" " ind2=" ">
    <subfield code="a">570.2462 </subfield>
    <subfield code="b">CHAB</subfield>
  </datafield>
  <datafield tag="100" ind1=" " ind2=" ">
    <subfield code="a">Tanushree Chakraborty</subfield>
    <subfield code="9">247293</subfield>
  </datafield>
  <datafield tag="245" ind1=" " ind2=" ">
    <subfield code="a">Biology for engineers</subfield>
  </datafield>
  <datafield tag="260" ind1=" " ind2=" ">
    <subfield code="a">Delhi</subfield>
    <subfield code="b">PHI Learning Private Ltd</subfield>
    <subfield code="c">2024</subfield>
  </datafield>
  <datafield tag="300" ind1=" " ind2=" ">
    <subfield code="a">xxii,413p.</subfield>
    <subfield code="b">PB</subfield>
    <subfield code="c">23.5x18cm</subfield>
  </datafield>
  <datafield tag="365" ind1=" " ind2=" ">
    <subfield code="2">Computer Science Engineering</subfield>
    <subfield code="a">ABDI/0821/25</subfield>
    <subfield code="b">680.00</subfield>
    <subfield code="c">&#x20B9;</subfield>
    <subfield code="d">850.00</subfield>
    <subfield code="e">20%</subfield>
    <subfield code="f">13-11-2025</subfield>
  </datafield>
  <datafield tag="520" ind1=" " ind2=" ">
    <subfield code="a">Designed as a text based on the mandatory course introduced by AICTE for all branches of B.Tech., the book mainly deals with the fundamental concepts of biology and their applications in engineering and technology. The clear and concise text will prove to be of immense value to the students and will help them to comprehend the subject. Also, the faculties will find it a highly useful resource for classroom teaching.
KEY FEATURES
&#x2022; Easy to understand, learn and memorize.
&#x2022; Illustrations for better comprehension of the concepts.
&#x2022; The subject matter is discussed in an engaging style to induce students' interest.
&#x2022; Critical thinking questions to help enhance analytical and interpretational potential of the students.
&#x2022; Chapter-end questions for self-assessment and self-evaluation.</subfield>
  </datafield>
  <datafield tag="650" ind1=" " ind2=" ">
    <subfield code="a">Biomolecules</subfield>
    <subfield code="9">247268</subfield>
  </datafield>
  <datafield tag="650" ind1=" " ind2=" ">
    <subfield code="a">Photosynthesis</subfield>
    <subfield code="9">247269</subfield>
  </datafield>
  <datafield tag="650" ind1=" " ind2=" ">
    <subfield code="a">Enzymology</subfield>
    <subfield code="9">247270</subfield>
  </datafield>
  <datafield tag="700" ind1=" " ind2=" ">
    <subfield code="a">Akhtar, Nasim</subfield>
    <subfield code="9">247271</subfield>
  </datafield>
  <datafield tag="942" ind1=" " ind2=" ">
    <subfield code="2">ddc</subfield>
    <subfield code="c">BK</subfield>
  </datafield>
  <datafield tag="999" ind1=" " ind2=" ">
    <subfield code="c">240698</subfield>
    <subfield code="d">240698</subfield>
  </datafield>
  <datafield tag="952" ind1=" " ind2=" ">
    <subfield code="0">0</subfield>
    <subfield code="1">0</subfield>
    <subfield code="2">ddc</subfield>
    <subfield code="4">0</subfield>
    <subfield code="7">0</subfield>
    <subfield code="8">CSE</subfield>
    <subfield code="a">SE</subfield>
    <subfield code="b">SE</subfield>
    <subfield code="d">2025-11-13</subfield>
    <subfield code="e">Biblios Book Point, Surathkal-575014</subfield>
    <subfield code="g">680.00</subfield>
    <subfield code="l">1</subfield>
    <subfield code="o">570.2462 CHAB</subfield>
    <subfield code="p">SE000179</subfield>
    <subfield code="q">2026-05-23</subfield>
    <subfield code="r">2026-01-23 10:02:06</subfield>
    <subfield code="s">2026-01-23</subfield>
    <subfield code="v">850.00</subfield>
    <subfield code="w">2025-11-13</subfield>
    <subfield code="y">BK</subfield>
  </datafield>
  <datafield tag="952" ind1=" " ind2=" ">
    <subfield code="0">0</subfield>
    <subfield code="1">0</subfield>
    <subfield code="2">ddc</subfield>
    <subfield code="4">0</subfield>
    <subfield code="7">0</subfield>
    <subfield code="8">CSE</subfield>
    <subfield code="a">SE</subfield>
    <subfield code="b">SE</subfield>
    <subfield code="d">2025-11-13</subfield>
    <subfield code="e">Biblios Book Point, Surathkal-575014</subfield>
    <subfield code="g">680.00</subfield>
    <subfield code="l">0</subfield>
    <subfield code="o">570.2462 CHAB</subfield>
    <subfield code="p">SE000180</subfield>
    <subfield code="r">2025-12-02 11:51:49</subfield>
    <subfield code="v">850.00</subfield>
    <subfield code="w">2025-11-13</subfield>
    <subfield code="y">BK</subfield>
  </datafield>
</record>
